1013 1082 1556 1797 1172 1468 1111 1430 1699 1988 1844 1280 1627 1281 1583 1989 1566 1124 1800 1932 1521 1182 1233 1699 1874 1937 1203 1777 1409 1749 1631 1588 1809 1319 1634 1580 1650 1787 1374 1816 1171 1966 1968 1204 1800 1368 1690 1628 1669 1106 1197 1457 1448 1731 1729 1069 1297 1274 1777 1642 1432 1006 1967 1621 1581 1938 1414 1626 1639 1685 1903 1267 1790 1465 1020 1142 1117 1575 1783 1719 1924 1142 1050 1200 1124 1056 1640 1227 1866 1997 1800 1339 1287 1000 1110 1433 1375 1371 1343 BCNSPRNW ULIB Ver.6.0+V

เปลี่ยนเป็นภาษาไทย

Change to English
 แสดงรายละเอียดบรรณานุกรม
  กลับหน้าหลัก

Brief Record : Get Marc (ISO 2709) : E-mail record : QR code < ปิดหน้าต่าง
LEADER : 00000nam 2200000uu 4500
001    13399107855
003     ULIB
008    110208s2545||||th 000 0 tha d
020    9749070399
060  0 WZ70^bพ499ห 2545
100 0  เพ็ญนภา ทรัพย์เจริญ
245 00 หอยเป็นยา ตามตำรับยาการแพทย์แผนไทย^cเพ็ญนภา ทรัพย์เจริญ
260    กรุงเทพฯ :^cโครงการพัฒนาตำรา กองทุนสนับสนุนกิจกรรม มูลนิธิการแพทย์แผนไทยพัฒนา, ^c2545
300    217 หน้า:^bภาพประกอบ
650  7 หอย^xยารักษาโรค
650  7 การแพทย์แผนไทย
710 1  โครงการพัฒนาตำรา กองทุนสนับสนุนกิจกรรม มูลนิธิการแพทย์แผนไทย
945    ^p500^l0^i017659
995    เกษร
999 ^a ใช้งานได้ทุกระบบ
รายการนี้ยังไม่มีแท็ก
คุณยังไม่ได้ล็อกอิน คุณสามารถมีกิจกรรมร่วมกับเว็บไซต์ได้ แต่ต้องล็อกอินก่อน ::
  ล็อกอิน

รายการสื่อสารสนเทศ

ลำดับที่ ประเภท เลขเรียก/บาร์โค้ด สถานที่ สถานะ
- ไม่พบข้อมูล -

รายการใกล้เคียง
    หัวเรื่อง [การแพทย์แผนไทย]

BibComment


ยังไม่เคยถูกคอมเมนท์

คอมเมนท์ทรัพยากรรายการนี้
  คอมเมนท์: หอยเป็นยา ตามตำรั..


 Copyright 2026. Bcnsprnw @Library